000 00361nam a2200133Ia 4500
008 210210b1982 xxu||||| |||| 00| 0 eng d
082 _a306.2 JANT
100 _aJANGAM (R T).
245 _aTextbook of political sociology.
260 _aNew Delhi.
_bOxford & IBH Publishing Co.,
_c1982
300 _avi,314
690 _aPolitical Sociology
906 _aSG02296
999 _c113522
_d113522